Statistics for Summer Olympics - Tennis

Click here to take the quiz!

General Stats

  • This quiz has been taken 504 times
    (453 since last reset)
  • The average score is 23 of 35

Answer Stats

#MedalsAnswer% Correct
39United States
100%
12Spain
96%
19France
93%
10Germany
93%
8Russia
93%
4Switzerland
90%
5Australia
88%
2China
85%
5Argentina
84%
3Japan
84%
8Sweden
83%
1Italy
82%
1Serbia
82%
1Canada
81%
43Great Britain
74%
2Belgium
72%
1Austria
69%
3Croatia
66%
2Netherlands
62%
2Greece
61%
1Romania
61%
4Chile
60%
6Czech Republic
60%
1Denmark
60%
1Norway
58%
2India
56%
2Belarus
52%
6South Africa
52%
1Bulgaria
48%
4Czechoslovakia
46%
1Puerto Rico
35%
2West Germany
31%
2Unified Team
7%
1Australasia
3%
1Bohemia
1%

Score Distribution

Percentile by Number Answered

Percent of People with Each Score

Your Score History

You have not taken this quiz since the last reset